Temas ambientales de hoy que todo docente debe conocer con integración de contenidos, de ciencias naturales, sociales matemática y lengua / Irene Wais de Bodgen (Registro nro. 2017)
[ vista simple ]
| 000 -LEADER | |
|---|---|
| fixed length control field | 00674nam a22002051a 4500 |
| 001 - CONTROL NUMBER | |
| control field | 2017 |
| 003 - CONTROL NUMBER IDENTIFIER | |
| control field | OSt |
| 005 - DATE AND TIME OF LATEST TRANSACTION | |
| control field | 20260204211756.0 |
| 008 - FIXED-LENGTH DATA ELEMENTS--GENERAL INFORMATION | |
| fixed length control field | 040123s1999||||ag ||||||b||||||||||spa|| |
| 020 ## - NUMERO DE LIBRO INTERNACIONAL NORMALIZADO | |
| International Standard Book Number | 9505502737 |
| 050 ## - LIBRARY OF CONGRESS CALL NUMBER | |
| Classification number | 370. W134t |
| 082 ## - DEWEY DECIMAL CLASSIFICATION NUMBER | |
| Classification number | 370. W134t |
| 100 ## - ASIENTO PRINCIPAL -- NOMBRE PERSONAL | |
| Personal name | Wais de Bagen, Irene |
| 245 ## - TÍTULO PROPIAMENTE DICHO: SUBTÍTULO | |
| Title | Temas ambientales de hoy que todo docente debe conocer con integración de contenidos, de ciencias naturales, sociales matemática y lengua / Irene Wais de Bodgen |
| 264 ## - PRODUCTION, PUBLICATION, DISTRIBUTION, MANUFACTURE, AND COPYRIGHT NOTICE | |
| Place of production, publication, distribution, manufacture | Argentina : Magisterio del Río de la Plata |
| 300 ## - PHYSICAL DESCRIPTION | |
| Extensión | 111 p. |
| 650 ## - ASIENTO SECUNDARIO DE MATERIA -- TERMINO TEMÁTICO | |
| Termino Temático Como Elemento de Entrada | 1.Educación 2.Educación Ambiental |
| 700 ## - ASIENTO SECUNDARIO -- NOMBRE PERSONAL | |
| Personal name | Gestile Georgina II.Thiel, IngeÌ |
| 942 ## - ADDED ENTRY ELEMENTS (KOHA) | |
| Source of classification or shelving scheme | Dewey Decimal Classification |
| Koha item type | Libros |
| Withdrawn status | Lost status | Source of classification or shelving scheme | Damaged status | Not for loan | Current library | Date acquired | Total Checkouts | Full call number | Barcode | Date last seen | Price effective from | Koha item type |
|---|---|---|---|---|---|---|---|---|---|---|---|---|
| Dewey Decimal Classification | Biblioteca UTECO | 09/09/2019 | 370. W134T | 004110 | 09/09/2019 | 09/09/2019 | Libros | |||||
| Dewey Decimal Classification | Biblioteca UTECO | 09/09/2019 | 370. W134T | 004111 | 09/09/2019 | 09/09/2019 | Libros | |||||
| Dewey Decimal Classification | Descartado para donación | Biblioteca UTECO | 09/09/2019 | 370. W134T | 004112 | 09/09/2019 | 09/09/2019 | Libros |
